00378nam a2200145Ia 4500003000400000005001700004008004100021040000900062082001500071100002800086245007800114260002000192300000900212650001100221OSt20210915134821.0190216s9999||||xx |||||||||||||| ||und|| coclc a297bALM/I aAl Moududi, Abdul Aghla 0aAl Islam Fi Mawajihad Al Tahdiyath Al Nilashiva /cAbdul Aghla Al Moududi bDarul Kalam,a= a284p aArabic